00467nam a2200109Ia 4500008004100000100002900041245015200070260002600222300001800248650001200266856007900278160712s9999 xx 000 0 und d aAbog, Maria Kim Feliz N. cMaria Kim Feliz N. Abog,aAssessment of acute toxicity of thiamethoxam (Actara® 25WG) to Achatina fulica and its potential ecological applications c2012bScience Diliman avol. 24 no. 2 xSCIENCE uhttp://journals.upd.edu.ph/index.php/sciencediliman/issue/view/386/showToc